Libertad religiosa y principio de cooperación en Hispanoamérica.

محفوظ في:
التفاصيل البيبلوغرافية
المؤلف الرئيسي: Patiño Reyes, Alberto (autor)
التنسيق: كتاب
اللغة:الإنجليزية
منشور في: México, D.F., México: Universidad Nacional Autónoma de México (UNAM), 2011.
الطبعة:Primera edición.
سلاسل:Instituto de Investigaciones Jurídicas. Doctrina Jurídica,
الموضوعات:
الوسوم: إضافة وسم
لا توجد وسوم, كن أول من يضع وسما على هذه التسجيلة!

MARC

LEADER 00000nam a22000007a 4500
003 CL-VaPUC
005 20240607104611.0
008 240603t2011 ||||| |||| 00| 0 eng d
999 |c 443823  |d 443821 
020 |a 978-607-02-2144-6 
040 |c Pontificia Universidad Católica de Valparaíso 
082 |2 22  |a 323.442098 PAT 2011 
100 |a Patiño Reyes, Alberto   |e autor  |9 889194 
245 |a Libertad religiosa y principio de cooperación en Hispanoamérica.  
250 |a Primera edición.  
260 |a México, D.F., México:   |b Universidad Nacional Autónoma de México (UNAM),   |c 2011. 
300 |a XXXIII, 499 páginas.  
490 |a Instituto de Investigaciones Jurídicas. Doctrina Jurídica,   |n  581. 
500 |a c.1 Donación Prof. Carlos Salinas Araneda. Memo DER N°028. 31/05/2024. 
583 |c 20240603  |k Yessy Sthefany Diaz Vidal 
650 0 |a Derecho eclesiástico  |x Legislación y jurisprudencia   |z España   |9 889195 
650 0 |a Iglesia y Estado  |x Libertad religiosa  |z Hispanoamérica  |9 254995 
942 |2 ddc  |c BK 
952 |0 0  |1 0  |2 ddc  |4 0  |6 323_442098000000000_PAT_2011  |7 0  |8 A  |9 594945  |a BIBDER  |b BIBDER  |d 2024-06-03  |e Donación   |i 5661507  |l 2  |o 323.442098 PAT 2011  |p 5661507  |q 2025-05-12  |r 2025-05-05  |s 2025-05-05  |t 1  |w 2024-06-03  |y BK  |k DER